| 000 | 00964cam a2200229 4500 | ||
|---|---|---|---|
| 001 | ABS64710 | ||
| 008 | 011030n2001 000 0 eng u | ||
| 035 | _a(Sirsi) u115390 | ||
| 100 | _aSproule, M | ||
| 245 | 2 | _aA cascade of driven employees | |
| 260 | _c2001 | ||
| 490 |
_aEstates Gazette _v(0142) 20 October 2001, 119(1) |
||
| 520 | _aLooks at coach-mentoring, a new method of training to improve the performance and motivation of employees. Coach-mentoring is a development technique that encourages a positive work culture and operates as a pyramid scheme; managers are trained as coaches and cascade the benefits to others in the organisation via development sets. Argues that this approach is more effective than traditional training. | ||
| 590 | _aABS | ||
| 650 | _aCAREERS, EDUCATION AND TRAINING | ||
| 650 | _aSTAFF MANAGEMENT | ||
| 650 | _aMOTIVATION | ||
| 650 | _aCOACHING | ||
| 650 | _aMENTORING | ||
| 690 | _aMANAGEMENT | ||
| 942 | _n0 | ||
| 999 |
_c68712 _d68712 |
||